[Event "Skopje Karposh op"]
[Site "Skopje"]
[Date "2015.03.30"]
[Round "5"]
[White "Stojkovska, Monika"]
[Black "Tsintsar, Zoran"]
[Result "1-0"]
[WhiteElo "2063"]
[BlackElo "1770"]
[PlyCount "121"]
[EventDate "2015.03.27"]
[EventType "swiss"]
[EventRounds "9"]
[EventCountry "MKD"]
[SourceTitle "CBM 165 Extra"]
[Source "ChessBase"]
[SourceDate "2015.04.21"]
[SourceVersion "1"]
[SourceVersionDate "2015.04.21"]
[SourceQuality "1"]

1. e4 c5 2. Nf3 Nc6 3. d4 cxd4 4. Nxd4 e5 5. Nb5 d6 6. c4 Be7 7. N1c3 a6 8. Na3 f5 9. exf5 Bxf5 10. Bd3 Bxd3 11. Qxd3 Nf6 12. Nc2 0-0 13. 0-0 Rc8 14. b3 Kh8 15. Rd1 Qc7 16. Bg5 b5 17. Bxf6 Bxf6 18. Ne4 bxc4 19. Qxc4 Nd4 20. Nxd4 Qxc4 21. bxc4 exd4 22. Nxf6 Rxf6 23. Rxd4 Kg8 24. Rb1 Rc6 25. f3 g6 26. a4 Rf7 27. Rb8+ Rf8 28. Rb4 Rf5 29. Kf2 h5 30. Ke3 Rg5 31. g3 Kf7 32. Rf4+ Ke6 33. Kd4 Rgc5 34. Re4+ Kf6 35. Kd3 g5 36. h4 Rf5 37. Ke3 d5 38. cxd5 Rxd5 39. Rb3 gxh4 40. gxh4 Rd1 41. Rd3 Re1+ 42. Kf4 Rh1 43. Kg3 Ra1 44. Kf2 Rh1 45. Rd5 Kg6 46. Rg5+ Kh6 47. Rge5 Rg6 48. Re6 Rh2+ 49. Ke3 Rxe6 50. Rxe6+ Kg7 51. Re4 Kf6 52. Kd4 Rh3 53. Rf4+ Ke6 54. Kc5 Ke5 55. Re4+ Kf5 56. Kb6 Rxf3 57. Rb4 Rg3 58. Kxa6 Rg4 59. Kb5 Ke6 60. a5 Kd6 61. Rc4 1-0

[Event "Skopje Karposh op"]
[Site "Skopje"]
[Date "2015.03.28"]
[Round "2"]
[White "Tsintsar, Zoran"]
[Black "Dmitrovic, Zoran"]
[Result "1/2-1/2"]
[WhiteElo "1770"]
[BlackElo "2122"]
[PlyCount "32"]
[EventDate "2015.03.27"]
[EventType "swiss"]
[EventRounds "9"]
[EventCountry "MKD"]
[SourceTitle "CBM 165 Extra"]
[Source "ChessBase"]
[SourceDate "2015.04.21"]
[SourceVersion "1"]
[SourceVersionDate "2015.04.21"]
[SourceQuality "1"]

1. e4 e5 2. f4 Nc6 3. Nf3 f5 4. d3 d6 5. Nc3 Nf6 6. Be2 Be7 7. 0-0 0-0 8. a3 Kh8 9. b4 fxe4 10. dxe4 exf4 11. Bc4 Ne5 12. Bb3 Bg4 13. Bxf4 Nfd7 14. Qd2 Nxf3+ 15. gxf3 Bh3 16. Rf2 Bf6 1/2-1/2

[Event "World Amateur-ch"]
[Site "Neos Marmaras"]
[Date "2012.04.20"]
[Round "7"]
[White "Ferreira, Walter"]
[Black "Tsintsar, Zoran"]
[Result "1-0"]
[WhiteElo "1998"]
[BlackElo "1901"]
[PlyCount "75"]
[EventDate "2012.04.16"]
[EventType "swiss"]
[EventRounds "9"]
[EventCountry "GRE"]
[SourceTitle "CBM 148 Extra"]
[Source "ChessBase"]
[SourceDate "2012.06.22"]
[SourceVersion "1"]
[SourceVersionDate "2012.06.22"]
[SourceQuality "1"]

1. e4 c5 2. Nf3 g6 3. Nc3 Bg7 4. Bc4 Nc6 5. 0-0 a6 6. a4 e6 7. Re1 Nge7 8. d3 0-0 9. Ba2 d5 10. exd5 exd5 11. h3 h6 12. Ne2 b5 13. d4 c4 14. c3 b4 15. Ng3 Nf5 16. Nxf5 Bxf5 17. Bb1 Bxb1 18. Rxb1 Qd6 19. g3 g5 20. h4 f6 21. Bd2 b3 22. Re2 Rae8 23. Rxe8 Rxe8 24. Nh2 Re4 25. hxg5 hxg5 26. Kg2 Nd8 27. Qf1 Qe7 28. Re1 Nf7 29. f3 Rxe1 30. Qxe1 Qxe1 31. Bxe1 f5 32. Bd2 Kh7 33. Nf1 Kg6 34. Ne3 Nd6 35. Nxd5 g4 36. Nb6 gxf3+ 37. Kxf3 Kf6 38. Bf4 1-0

[Event "World Amateur-ch"]
[Site "Neos Marmaras"]
[Date "2012.04.18"]
[Round "3"]
[White "Vargas, Mauricio"]
[Black "Tsintsar, Zoran"]
[Result "0-1"]
[WhiteElo "1986"]
[BlackElo "1901"]
[PlyCount "94"]
[EventDate "2012.04.16"]
[EventType "swiss"]
[EventRounds "9"]
[EventCountry "GRE"]
[SourceTitle "CBM 148 Extra"]
[Source "ChessBase"]
[SourceDate "2012.06.22"]
[SourceVersion "1"]
[SourceVersionDate "2012.06.22"]
[SourceQuality "1"]

1. e4 c5 2. Nf3 Nc6 3. d4 cxd4 4. Nxd4 e5 5. Nb5 d6 6. a4 Be7 7. N1c3 a6 8. Na3 Nf6 9. Bc4 0-0 10. 0-0 Bg4 11. f3 Qb6+ 12. Kh1 Bh5 13. Bd5 Nb4 14. Nc4 Qc7 15. b3 Nfxd5 16. Nxd5 Nxd5 17. Qxd5 Qc6 18. Rd1 Qxd5 19. Rxd5 f5 20. Nb6 fxe4 21. Nxa8 exf3 22. Be3 fxg2+ 23. Kg1 Rxa8 24. Kxg2 Bg6 25. Rd2 d5 26. c4 d4 27. Bf2 Bh5 28. Rd3 Bb4 29. Be1 Bd6 30. Bg3 Bg6 31. Rd2 Bb4 32. Rdd1 Re8 33. Ra2 d3 34. Be1 Bc5 35. Bf2 Be7 36. Be3 e4 37. Rf1 h6 38. Re1 Bh4 39. Bf2 Bg5 40. Be3 Bf6 41. Kg3 Be5+ 42. Kg2 Bc3 43. Rf1 Rd8 44. Rff2 Bd4 45. Bc1 e3 46. Rf4 Ba7 47. Ba3 d2 0-1

[Event "GRE-chT 37th"]
[Site "Kallithea"]
[Date "2009.07.05"]
[Round "2"]
[White "Kazakos, Emmanouil"]
[Black "Tsintsar, Zoran"]
[Result "1-0"]
[WhiteElo "1981"]
[BlackElo "2006"]
[PlyCount "67"]
[EventDate "2009.07.03"]
[EventType "team-tourn"]
[EventRounds "9"]
[EventCountry "GRE"]
[SourceTitle "CBM 131 Extra"]
[Source "ChessBase"]
[SourceDate "2009.09.03"]
[SourceVersion "2"]
[SourceVersionDate "2009.09.16"]
[SourceQuality "1"]

1. e4 c5 2. Nf3 Nc6 3. Bb5 e6 4. 0-0 d5 5. exd5 exd5 6. d4 Nf6 7. Re1+ Be7 8. dxc5 0-0 9. Be3 Bg4 10. c3 Ne5 11. Be2 Bxf3 12. Bxf3 Rc8 13. b4 Nxf3+ 14. Qxf3 Ne4 15. Bd4 Rc6 16. Na3 Rg6 17. Rad1 f5 18. c4 Bh4 19. cxd5 Ng5 20. Qb3 f4 21. Kh1 Qc8 22. d6+ Kh8 23. Re7 Qg4 24. f3 Qh5 25. d7 Bg3 26. Bg1 Bxh2 27. Bxh2 Rh6 28. Kg1 Qxh2+ 29. Kf1 Qh1+ 30. Kf2 Qh4+ 31. Ke2 Qg3 32. Kd2 Qxg2+ 33. Kc1 Rh2 34. d8Q 1-0

[Event "GRE-chT 37th"]
[Site "Kallithea"]
[Date "2009.07.05"]
[Round "5"]
[White "Tsintsar, Zoran"]
[Black "Malikentzos, Sotirios"]
[Result "0-1"]
[WhiteElo "2006"]
[BlackElo "2148"]
[PlyCount "168"]
[EventDate "2009.07.03"]
[EventType "team-tourn"]
[EventRounds "9"]
[EventCountry "GRE"]
[SourceTitle "CBM 131 Extra"]
[Source "ChessBase"]
[SourceDate "2009.09.03"]
[SourceVersion "2"]
[SourceVersionDate "2009.09.16"]
[SourceQuality "1"]

1. e4 c6 2. d4 d5 3. e5 Bf5 4. g4 Bg6 5. Ne2 e6 6. Ng3 Bb4+ 7. c3 Ba5 8. Nd2 f6 9. f4 Ne7 10. exf6 gxf6 11. Bh3 Qd6 12. 0-0 Na6 13. Qe2 0-0-0 14. Re1 Bf7 15. f5 Nc7 16. a4 a6 17. b4 Bb6 18. Ba3 Qd7 19. Kh1 Rde8 20. Qd3 h5 21. Nxh5 Bxh5 22. fxe6 Nxe6 23. gxh5 f5 24. Qe3 Rxh5 25. Qxe6 Rxh3 26. b5 Bc7 27. Nf1 Qxe6 28. Rxe6 Kd7 29. Rae1 Rh7 30. bxa6 bxa6 31. R1e2 f4 32. Nd2 Bd8 33. Nf3 Rh3 34. Kg2 Rh7 35. Rd6+ Kc7 36. Ree6 Rg8+ 37. Kf2 Rgg7 38. h4 Rg3 39. Bb4 Kc8 40. Rf6 a5 41. Bc5 Rg8 42. Rde6 Kb7 43. Rxf4 Ng6 44. Rg4 Nf8 45. Rxg8 Nxe6 46. Ng5 Bxg5 47. hxg5 Nxc5 48. dxc5 Rh4 49. Kf3 Rxa4 50. Rh8 Ra1 51. Kf2 Ra4 52. Kg3 Ra1 53. Rh2 Rg1+ 54. Kh4 Ka6 55. Kh5 Kb5 56. g6 a4 57. Ra2 Rg3 58. Kh6 Rh3+ 59. Kg5 Rg3+ 60. Kf6 Rf3+ 61. Ke7 Rg3 62. Kf7 Rf3+ 63. Kg8 Rxc3 64. Rg2 Kxc5 65. g7 Rb3 66. Kf7 Rb8 67. g8Q Rxg8 68. Rxg8 a3 69. Ke6 Kc4 70. Kd6 d4 71. Kxc6 d3 72. Rg4+ Kc3 73. Kb5 d2 74. Rg1 a2 75. Ra1 Kb2 76. Rd1 Kc2 77. Ra1 d1Q 78. Rxa2+ Kb3 79. Ra6 Qd5+ 80. Kb6 Kb4 81. Ra7 Qd6+ 82. Kb7 Kb5 83. Kc8 Qe6+ 84. Kc7 Qb6+ 0-1

[Event "Thessaloniki Triandria op 2nd"]
[Site "Thessaloniki"]
[Date "2009.05.03"]
[Round "9"]
[White "Tsintsar, Zoran"]
[Black "Polyakova, Natalia"]
[Result "0-1"]
[WhiteElo "1962"]
[BlackElo "2077"]
[PlyCount "101"]
[EventDate "2009.04.27"]
[EventType "swiss"]
[EventRounds "9"]
[EventCountry "GRE"]
[SourceTitle "CBM 130 Extra"]
[Source "ChessBase"]
[SourceDate "2009.07.02"]
[SourceVersion "2"]
[SourceVersionDate "2009.07.15"]
[SourceQuality "1"]

1. e4 d5 2. exd5 Qxd5 3. Nc3 Qa5 4. Bc4 Nf6 5. Nf3 Bg4 6. d4 c6 7. 0-0 e6 8. h3 Bh5 9. g4 Bg6 10. Re1 Nbd7 11. Bf4 h5 12. g5 Qf5 13. Bh2 Qxh3 14. gxf6 gxf6 15. Bf1 Qg4+ 16. Kh1 Rg8 17. Qe2 Bxc2 18. Ng1 Qg6 19. Rac1 Bf5 20. Ne4 Bb4 21. f3 Bxe4 22. Qxe4 f5 23. Qh4 Bxe1 24. Rxe1 Nf6 25. Nh3 Nd5 26. Nf2 Nb4 27. Nh3 Nd5 28. Nf4 Nxf4 29. Qxf4 Rd8 30. Bh3 Qf6 31. Re5 Kf8 32. Bg1 b6 33. Bf2 Qg6 34. Re1 Qf6 35. Bh4 Qxd4 36. Qh6+ Ke8 37. Bxd8 Kxd8 38. Qxh5 Rh8 39. Qg5+ Kc8 40. Qg3 Qxb2 41. Qg2 Qd4 42. Rf1 c5 43. f4 Kc7 44. Qf3 b5 45. Kh2 Rd8 46. Bg2 Rh8+ 47. Kg3 Rg8+ 48. Kh2 Qh8+ 49. Kg1 Qd4+ 50. Kh2 Qe4 51. Qc3 0-1

[Event "Thessaloniki Triandria op 2nd"]
[Site "Thessaloniki"]
[Date "2009.04.28"]
[Round "3"]
[White "Tsintsar, Zoran"]
[Black "Obodchuk, Andrei"]
[Result "0-1"]
[WhiteElo "1962"]
[BlackElo "2393"]
[PlyCount "42"]
[EventDate "2009.04.27"]
[EventType "swiss"]
[EventRounds "9"]
[EventCountry "GRE"]
[SourceTitle "CBM 130 Extra"]
[Source "ChessBase"]
[SourceDate "2009.07.02"]
[SourceVersion "2"]
[SourceVersionDate "2009.07.15"]
[SourceQuality "1"]

1. e4 c5 2. c3 d5 3. exd5 Qxd5 4. d4 Nf6 5. Nf3 e6 6. Bb5+ Nc6 7. 0-0 cxd4 8. c4 Qh5 9. Nxd4 Qxd1 10. Rxd1 Bd7 11. a3 Nxd4 12. Bxd7+ Nxd7 13. Rxd4 Nc5 14. Nd2 Be7 15. Rb1 Bf6 16. Rg4 0-0-0 17. b4 h5 18. Rg3 Ne4 19. Nf1 Nxg3 20. Nxg3 Rd1+ 21. Nf1 Bg5 0-1

[Event "Veroia op 1st"]
[Site "Veroia"]
[Date "2008.09.07"]
[Round "6.5"]
[White "Sidiropoulos, Nikolaos"]
[Black "Tsintsar, Zoran"]
[Result "1-0"]
[WhiteElo "1555"]
[BlackElo "1971"]
[PlyCount "123"]
[EventDate "2008.09.04"]
[EventType "swiss"]
[EventRounds "7"]
[EventCountry "GRE"]
[SourceTitle "EXT 2024"]
[Source "ChessBase"]
[SourceDate "2023.10.10"]
[SourceVersion "1"]
[SourceVersionDate "2023.10.10"]
[SourceQuality "1"]

1. d4 c5 2. d5 f5 3. c4 d6 4. Nc3 Nf6 5. Bg5 Nbd7 6. Nh3 Ne5 7. Bxf6 exf6 8. e3 Qb6 9. Qb3 Qa5 10. Nf4 Kf7 11. h4 Rb8 12. Qa4 Qxa4 13. Nxa4 Bd7 14. Nc3 Be7 15. Kd2 Bd8 16. Nb5 Ba5+ 17. Kc2 a6 18. Nc3 b5 19. b3 Ng4 20. Nd1 g5 21. Nh3 h6 22. Bd3 Ne5 23. Nb2 f4 24. cxb5 axb5 25. e4 c4 26. Be2 Rhc8 27. Rac1 Bb4 28. Kb1 Ba3 29. Rc2 Bxh3 30. Rxh3 g4 31. Rh1 f3 32. gxf3 gxf3 33. Bf1 Rg8 34. Bh3 Ke7 35. Ka1 Bxb2+ 36. Kxb2 Nd3+ 37. Kc3 Ne5 38. bxc4 bxc4 39. Rf1 Rb6 40. Rb2 Rxb2 41. Kxb2 Kd8 42. Kc3 Kc7 43. Ra1 Ra8 44. a4 Kb6 45. Rb1+ Ka5 46. Rb7 Kxa4 47. Rh7 Kb5 48. Rxh6 Ra3+ 49. Kc2 Kb4 50. Rxf6 Ra2+ 51. Kb1 Re2 52. Rxd6 c3 53. Rc6 Nc4 54. Rxc4+ Kxc4 55. d6 Kc5 56. d7 Rd2 57. h5 Kc6 58. h6 Kc7 59. h7 Rb2+ 60. Kc1 Rb8 61. Kc2 Rh8 62. Bf5 1-0

[Event "Veroia op 1st"]
[Site "Veroia"]
[Date "2008.09.06"]
[Round "4.3"]
[White "Tsintsar, Zoran"]
[Black "Aggelis, Nikolaos"]
[Result "0-1"]
[WhiteElo "1971"]
[BlackElo "2271"]
[PlyCount "76"]
[EventDate "2008.09.04"]
[EventType "swiss"]
[EventRounds "7"]
[EventCountry "GRE"]
[SourceTitle "EXT 2024"]
[Source "ChessBase"]
[SourceDate "2023.10.10"]
[SourceVersion "1"]
[SourceVersionDate "2023.10.10"]
[SourceQuality "1"]

1. e4 e5 2. f4 exf4 3. Bc4 d5 4. Bxd5 Nf6 5. Nc3 Bb4 6. Nge2 Bxc3 7. bxc3 Nxd5 8. exd5 Qh4+ 9. Kf1 Bg4 10. Qe1 Qxe1+ 11. Kxe1 f3 12. gxf3 Bxf3 13. Rg1 Bxd5 14. Rxg7 Nd7 15. Rg5 Nb6 16. Re5+ Kd7 17. d4 f6 18. Rf5 Rae8 19. Kf2 Be4 20. Ra5 a6 21. Bf4 Bxc2 22. Rg1 Rhg8 23. Rxg8 Rxg8 24. Ng3 c6 25. Rh5 Bg6 26. Rh6 Nd5 27. Bd2 b5 28. Nh5 Ke6 29. h4 Kf7 30. Kf3 Re8 31. Ng3 Ne7 32. Rxg6 hxg6 33. Ne4 Rd8 34. Nc5 Nf5 35. Kg4 Nxd4 36. cxd4 Rxd4+ 37. Bf4 g5 38. hxg5 fxg5 0-1

[Event "Chalkidiki op-A 2nd"]
[Site "Kallithea"]
[Date "2006.04.27"]
[Round "4"]
[White "Tsintsar, Zoran"]
[Black "Dorfanis, Ilarion"]
[Result "1-0"]
[WhiteElo "2020"]
[BlackElo "2199"]
[PlyCount "123"]
[EventDate "2006.04.25"]
[EventType "swiss"]
[EventRounds "9"]
[EventCountry "GRE"]
[SourceTitle "CBM 112 Extra"]
[Source "ChessBase"]
[SourceDate "2006.07.14"]
[SourceVersion "1"]
[SourceVersionDate "2006.07.14"]
[SourceQuality "1"]

1. e4 c5 2. Nf3 d6 3. d4 cxd4 4. Nxd4 Nf6 5. Nc3 Nc6 6. Be2 e5 7. Nb3 h6 8. Bf3 Be7 9. g4 Nh7 10. Nd5 Bg5 11. h4 Bxc1 12. Rxc1 Nf8 13. c3 Ne7 14. Ne3 Qc7 15. Nf5 Bxf5 16. exf5 h5 17. gxh5 Nxf5 18. Qd3 Ne7 19. Qb5+ Qd7 20. Qxb7 Qxb7 21. Bxb7 Rb8 22. Bf3 Ne6 23. Rd1 Kd7 24. Rd2 f5 25. 0-0 e4 26. Rfd1 Nc8 27. Be2 Ke7 28. Na5 Rb6 29. Nc4 Rc6 30. Ne3 Rf8 31. Bb5 Rc5 32. c4 Nf4 33. b4 Rc7 34. Ba6 Rf6 35. Bxc8 Rxc8 36. Rxd6 Nd3 37. c5 Kf7 38. Rd7+ Ke6 39. Rxg7 Rd8 40. a3 a6 41. Nc4 Kd5 42. Nb6+ Kc6 43. Rg6 Rdf8 44. Kh2 Nxf2 45. Rd6+ Rxd6 46. Rxd6+ Kb5 47. Nd7 Re8 48. Nf6 Rf8 49. c6 e3 50. Kg2 Rf7 51. Kf3 Re7 52. Rd7 Re6 53. c7 e2 54. c8Q e1Q 55. Rd5+ Ka4 56. Qc2+ Kxa3 57. Ra5+ Kxb4 58. Qa4+ Kc3 59. Nd5+ Kd3 60. Nf4+ Kc3 61. Rc5+ Kb2 62. Rc2+ 1-0

[Event "Lefkos Pyrgos int 7th"]
[Site "Thessaloniki"]
[Date "2003.12.26"]
[Round "7"]
[White "Tsintsar, Zoran"]
[Black "Argiroudis, Stamatis"]
[Result "0-1"]
[WhiteElo "2030"]
[BlackElo "2219"]
[PlyCount "64"]
[EventDate "2003.12.20"]
[EventType "swiss"]
[EventRounds "9"]
[EventCountry "GRE"]
[SourceTitle "CBM 097 Extra"]
[Source "ChessBase"]
[SourceDate "2004.01.13"]
[SourceVersion "1"]
[SourceVersionDate "2004.01.13"]
[SourceQuality "1"]

1. e4 c5 2. Nf3 Nc6 3. d4 cxd4 4. Nxd4 Nf6 5. Nc3 e6 6. Be2 Bb4 7. Bf3 a6 8. g4 Qa5 9. 0-0 h5 10. Nxc6 dxc6 11. g5 Ng4 12. Bxg4 hxg4 13. Qxg4 e5 14. Qe2 Bxc3 15. bxc3 Qxc3 16. Be3 Be6 17. Rfd1 Rh4 18. f3 Rh3 19. Qf2 Bg4 20. fxg4 Qxe3 21. Rf1 Rd8 22. Rae1 Qxf2+ 23. Rxf2 Rh4 24. Rg2 Ke7 25. Rb1 b5 26. a3 Rd4 27. Re1 Rh3 28. Rf2 Ke6 29. Ref1 Rxe4 30. Kg2 Rxa3 31. h3 Ree3 32. Rxf7 Rg3+ 0-1

[Event "Chalkida op 3rd"]
[Site "Chalkida"]
[Date "1998.08.09"]
[Round "8"]
[White "Tsintsar, Zoran"]
[Black "Makropoulou, Marina"]
[Result "0-1"]
[WhiteElo "2040"]
[BlackElo "2220"]
[PlyCount "142"]
[EventDate "1998.08.02"]
[EventType "swiss"]
[EventRounds "9"]
[EventCountry "GRE"]
[SourceTitle "EXT 2004"]
[Source "ChessBase"]
[SourceDate "2003.11.25"]
[SourceVersion "1"]
[SourceVersionDate "2003.11.25"]
[SourceQuality "1"]

1. e4 e5 2. f4 d5 3. exd5 c6 4. Nc3 exf4 5. Nf3 Bd6 6. dxc6 Nxc6 7. Bb5 Nge7 8. d4 0-0 9. 0-0 Bg4 10. Ne2 Ng6 11. c4 a6 12. Ba4 b5 13. cxb5 axb5 14. Bxb5 Nb4 15. Bd2 Qb6 16. Bxb4 Bxb4 17. Bd3 Bd6 18. b3 Rfe8 19. a4 Re3 20. Bb5 h6 21. Rc1 Ne7 22. h3 Bh5 23. Kh1 Rd8 24. Neg1 Nf5 25. Ne2 Qb7 26. d5 Qe7 27. Bd3 Nh4 28. Ned4 Qb7 29. Bc4 Rde8 30. a5 Qb4 31. Nc2 Qxa5 32. Nxe3 fxe3 33. Qe1 Qxe1 34. Rcxe1 Nf5 35. g4 Ng3+ 36. Kg2 Bg6 37. Rg1 Bf4 38. h4 Be4 39. Be2 h5 40. gxh5 Nxh5 41. Kf1 Bxd5 42. Nd4 Ng3+ 43. Rxg3 Bxg3 44. Rc1 Bxh4 45. b4 g6 46. b5 Re4 47. Nf3 Rf4 48. Kg2 Bf6 49. Rc5 Rg4+ 50. Kf1 Be6 51. b6 Rb4 52. Rb5 Rxb5 53. Bxb5 Bd5 54. Ke2 Bd8 55. Kxe3 Bxb6+ 56. Kf4 Kg7 57. Be2 Bc7+ 58. Kg4 f5+ 59. Kg5 Bd8+ 60. Kf4 Kf6 61. Bd3 Bc7+ 62. Ke3 Bb7 63. Nh4 f4+ 64. Kf2 Bb6+ 65. Kf1 g5 66. Ng2 Ke5 67. Ne1 f3 68. Bb5 Kf4 69. Nd3+ Kg3 70. Ne5 Bc8 71. Nc4 Bh3+ 0-1

[Event "Chalkida op 3rd"]
[Site "Chalkida"]
[Date "1998.08.08"]
[Round "7"]
[White "Antoniou, Antonis"]
[Black "Tsintsar, Zoran"]
[Result "1/2-1/2"]
[WhiteElo "2255"]
[BlackElo "2040"]
[PlyCount "96"]
[EventDate "1998.08.02"]
[EventType "swiss"]
[EventRounds "9"]
[EventCountry "GRE"]
[SourceTitle "EXT 2004"]
[Source "ChessBase"]
[SourceDate "2003.11.25"]
[SourceVersion "1"]
[SourceVersionDate "2003.11.25"]
[SourceQuality "1"]

1. e4 c5 2. Nf3 Nc6 3. d4 cxd4 4. Nxd4 e5 5. Nb5 d6 6. N1c3 a6 7. Na3 f5 8. Bd3 Be7 9. exf5 d5 10. 0-0 Nf6 11. Bg5 b5 12. Naxb5 axb5 13. Bxb5 Bd7 14. Bxf6 Bxf6 15. Qh5+ Kf8 16. Nxd5 Be8 17. Qd1 Nd4 18. Bxe8 Qxd5 19. Bh5 Rd8 20. c3 Nxf5 21. Qxd5 Rxd5 22. a4 Nd6 23. Rfd1 Rxd1+ 24. Rxd1 Ke7 25. Be2 Rb8 26. b4 e4 27. Rc1 Kd7 28. Kf1 Kc6 29. Ke1 g6 30. Kd1 Bg5 31. Rb1 Nf5 32. Kc2 Rd8 33. Kb3 Rd2 34. Re1 Nd6 35. f3 e3 36. g3 h5 37. f4 Bd8 38. Bf3+ Kc7 39. Rxe3 Rxh2 40. Re6 g5 41. fxg5 Bxg5 42. a5 Bc1 43. Bd5 Rb2+ 44. Ka4 Bd2 45. a6 Bxc3 46. Rxd6 Rxb4+ 47. Ka3 Kxd6 48. a7 Rb5 1/2-1/2

[Event "Kavala op 07th"]
[Site "Kavala"]
[Date "1997.??.??"]
[Round "4"]
[White "Tsintsar, Zoran"]
[Black "Milanovic, Danilo"]
[Result "0-1"]
[WhiteElo "2040"]
[BlackElo "2415"]
[PlyCount "66"]
[EventDate "1997.08.13"]
[EventType "swiss"]
[EventRounds "9"]
[EventCountry "GRE"]
[SourceTitle "EXT 2004"]
[Source "ChessBase"]
[SourceDate "2003.11.25"]
[SourceVersion "1"]
[SourceVersionDate "2003.11.25"]
[SourceQuality "1"]

1. e4 c5 2. Nf3 Nc6 3. d4 cxd4 4. Nxd4 Nf6 5. Nc3 e5 6. Ndb5 d6 7. Bg5 a6 8. Na3 b5 9. Nd5 Be7 10. Bxf6 Bxf6 11. c3 Ne7 12. Nc2 Nxd5 13. exd5 Bd7 14. Bd3 0-0 15. Ne3 Bg5 16. h4 Bxe3 17. fxe3 Qb6 18. Qd2 Rac8 19. 0-0 f5 20. Kh2 Rf6 21. g3 Rcf8 22. Rf2 Qc5 23. Bf1 h6 24. Bg2 g5 25. b4 Qc7 26. Raf1 gxh4 27. gxh4 Qc4 28. e4 f4 29. Bf3 Rg6 30. Be2 Qc8 31. Bh5 Rg3 32. Rg1 Bg4 33. Rfg2 Rh3# 0-1

[Event "Kavala op 07th"]
[Site "Kavala"]
[Date "1997.??.??"]
[Round "2"]
[White "Tsintsar, Zoran"]
[Black "Skembris, Spyridon"]
[Result "0-1"]
[WhiteElo "2040"]
[BlackElo "2470"]
[PlyCount "58"]
[EventDate "1997.08.13"]
[EventType "swiss"]
[EventRounds "9"]
[EventCountry "GRE"]
[SourceTitle "EXT 2004"]
[Source "ChessBase"]
[SourceDate "2003.11.25"]
[SourceVersion "1"]
[SourceVersionDate "2003.11.25"]
[SourceQuality "1"]

1. e4 c5 2. Nc3 Nc6 3. f4 g6 4. Nf3 Bg7 5. Bb5 Nd4 6. Nxd4 cxd4 7. Ne2 a6 8. Bc4 d5 9. exd5 b5 10. Bb3 Bb7 11. d3 Bxd5 12. 0-0 Nh6 13. Ng3 e6 14. Bxd5 Qxd5 15. Qf3 Qxf3 16. Rxf3 Rc8 17. Rf2 Kd7 18. b4 f5 19. h3 Rc6 20. a4 Rb8 21. a5 Rbc8 22. Ra2 Ng8 23. Rd2 Ne7 24. Ne2 Nd5 25. Ba3 Ne3 26. Nc1 Nxc2 27. Nb3 Nxa3 28. Rxa3 Bf8 29. Nxd4 Rc1+ 0-1

[Event "Ermoupoli"]
[Site "Ermoupoli"]
[Date "1996.??.??"]
[Round "3"]
[White "Ignatiadis, Konstantinos"]
[Black "Tsintsar, Zoran"]
[Result "1-0"]
[WhiteElo "2080"]
[BlackElo "2105"]
[PlyCount "103"]
[EventDate "1996.??.??"]
[EventType "swiss"]
[EventRounds "7"]
[EventCountry "GRE"]
[SourceTitle "EXT 1997"]
[Source "ChessBase"]
[SourceDate "1996.11.15"]
[SourceVersion "1"]
[SourceVersionDate "1996.11.15"]
[SourceQuality "1"]

1. c4 e5 2. d3 f5 3. g3 c6 4. Bg2 d5 5. Qb3 d4 6. Nf3 Nd7 7. 0-0 Nc5 8. Qd1 Bd6 9. b4 Ne6 10. Nbd2 Nf6 11. c5 Bc7 12. Nc4 e4 13. dxe4 fxe4 14. Ng5 Qd5 15. Nxe6 Bxe6 16. Nd6+ Bxd6 17. cxd6 Qxd6 18. Bf4 Qd5 19. Qc2 0-0 20. Qc5 b6 21. Qxd5 Bxd5 22. a4 Rac8 23. a5 c5 24. axb6 axb6 25. Rfc1 c4 26. Be5 d3 27. Bh3 Ra8 28. Bc3 Kf7 29. Kf1 Rxa1 30. Rxa1 Ra8 31. Ke1 Rxa1+ 32. Bxa1 Be6 33. Bg2 Bf5 34. Kd2 Nd5 35. exd3 cxd3 36. Bd4 b5 37. Bc5 Ke6 38. f3 e3+ 39. Bxe3 Nxe3 40. Kxe3 Kd5 41. g4 Bg6 42. f4+ Kc4 43. f5 Bf7 44. Bf1 Kxb4 45. Bxd3 Kc5 46. h4 b4 47. f6 g6 48. Ke4 Kd6 49. Kd4 h5 50. g5 b3 51. Kc3 Ke5 52. Be2 1-0